Agents warned to be clear over conditions (Record no. 63425)
[ view plain ]
| 000 -LEADER | |
|---|---|
| fixed length control field | 00787cam a2200205 4500 |
| 001 - CONTROL NUMBER | |
| control field | WB3618-24 |
| 008 - FIXED-LENGTH DATA ELEMENTS--GENERAL INFORMATION | |
| fixed length control field | 000000n2000 000 0 eng u |
| 035 ## - SYSTEM CONTROL NUMBER | |
| System control number | (Sirsi) u105924 |
| 245 ## - TITLE STATEMENT | |
| Title | Agents warned to be clear over conditions |
| 260 ## - PUBLICATION, DISTRIBUTION, ETC. | |
| Date of publication, distribution, etc. | 2000 |
| 490 ## - SERIES STATEMENT | |
| Series statement | Negotiator |
| Volume/sequential designation | 15(9) 5 May 2000, 4(1) |
| 520 ## - SUMMARY, ETC. | |
| Summary, etc. | Bairstow Eves has lost a small claims court case against a woman who claimed they had agreed to sell the house and progress the sale, but had not carried out the latter. Emphasises the need for estate agents to have clearly set out terms and conditions. See also WB3616-56. |
| 590 ## - LOCAL NOTE (RLIN) | |
| Local note | WB |
| 650 ## - SUBJECT ADDED ENTRY--TOPICAL TERM | |
| Topical term or geographic name entry element | ESTATE AGENTS |
| 650 ## - SUBJECT ADDED ENTRY--TOPICAL TERM | |
| Topical term or geographic name entry element | TERMS AND CONDITIONS |
| 650 ## - SUBJECT ADDED ENTRY--TOPICAL TERM | |
| Topical term or geographic name entry element | BAIRSTOW EVES |
| 650 ## - SUBJECT ADDED ENTRY--TOPICAL TERM | |
| Topical term or geographic name entry element | COMMISSION |
| 690 ## - LOCAL SUBJECT ADDED ENTRY--TOPICAL TERM (OCLC, RLIN) | |
| Topical term or geographic name as entry element | PROPERTY AND LAW LAW-AGENCY |
| 942 ## - ADDED ENTRY ELEMENTS (KOHA) | |
| Suppress in OPAC | 0 |
| Withdrawn status | Lost status | Source of classification or shelving scheme | Damaged status | Not for loan | Home library | Current library | Shelving location | Date acquired | Total Checkouts | Full call number | Barcode | Date last seen | Copy number | Price effective from | Koha item type |
|---|---|---|---|---|---|---|---|---|---|---|---|---|---|---|---|
| Dewey Decimal Classification | London | London | News article | 10/05/2000 | WB3618-24 | 105924-1001 | 06/08/2019 | 1 | 06/08/2019 | News article |